Tatuajes del poder / (Registro nro. 6907)
[ vista simple ]
| 000 -LEADER | |
|---|---|
| fixed length control field | 01070nam a22002657a 4500 |
| 003 - CONTROL NUMBER IDENTIFIER | |
| control field | OSt |
| 005 - DATE AND TIME OF LATEST TRANSACTION | |
| control field | 20250410130627.0 |
| 008 - FIXED-LENGTH DATA ELEMENTS--GENERAL INFORMATION | |
| fixed length control field | 201013s1995 ck ||||gr|||| 00| fdspa d |
| 020 ## - INTERNATIONAL STANDARD BOOK NUMBER | |
| International Standard Book Number | 9589511635 |
| 040 ## - CATALOGING SOURCE | |
| Original cataloging agency | CO-JMCR |
| Transcribing agency | CO-JMCR |
| 041 0# - LANGUAGE CODE | |
| Language code of text/sound track or separate title | spa |
| 082 04 - DEWEY DECIMAL CLASSIFICATION NUMBER | |
| Classification number | A-N |
| Item number | ARIt |
| Edition number | 23 |
| 100 1# - MAIN ENTRY--PERSONAL NAME | |
| Personal name | Ariza, Hilario José, |
| Relator term | autor |
| 9 (RLIN) | 11403 |
| 245 10 - TITLE STATEMENT | |
| Title | Tatuajes del poder / |
| Statement of responsibility, etc. | Hilario José Ariza |
| 246 00 - VARYING FORM OF TITLE | |
| Title proper/short title | Intriga, misterio y muerte |
| 250 ## - EDITION STATEMENT | |
| Edition statement | Primera edición |
| 260 ## - PUBLICATION, DISTRIBUTION, ETC. | |
| Place of publication, distribution, etc. | [Bogotá] : |
| Name of publisher, distributor, etc. | Ines Soto Editora, |
| Date of publication, distribution, etc. | 1995 |
| 300 ## - PHYSICAL DESCRIPTION | |
| Extent | 431 páginas ; |
| Dimensions | 21 cm. |
| 500 ## - GENERAL NOTE | |
| General note | Incluye datos biográficos del autor y glosario. |
| 520 3# - SUMMARY, ETC. | |
| Summary, etc. | "El argumento se centra y se descentra en la vida de un guerrillero izquierdista Prudencio Goenaga. Y esta vida es vista y descrita en relación con la Guajira Mítica y cotidiana, llena de fantasmas, de indígenas, de contrabandistas y funcionarios de estado, poco-por decir algo-honestos." |
| 600 14 - SUBJECT ADDED ENTRY--PERSONAL NAME | |
| Personal name | Goenaga, Prudencio |
| Form subdivision | Novela |
| 9 (RLIN) | 11404 |
| 650 14 - SUBJECT ADDED ENTRY--TOPICAL TERM | |
| Topical term or geographic name entry element | Novela colombiana |
| 9 (RLIN) | 11405 |
| 650 14 - SUBJECT ADDED ENTRY--TOPICAL TERM | |
| Topical term or geographic name entry element | Poder |
| Form subdivision | novela |
| 9 (RLIN) | 11406 |
| 942 ## - ADDED ENTRY ELEMENTS (KOHA) | |
| Source of classification or shelving scheme | Dewey Decimal Classification |
| Koha item type | Books |
| Withdrawn status | Lost status | Source of classification or shelving scheme | Damaged status | Not for loan | Collection code | Home library | Current library | Date acquired | Source of acquisition | Full call number | Barcode | Date last seen | Copy number | Price effective from | Koha item type |
|---|---|---|---|---|---|---|---|---|---|---|---|---|---|---|---|
| Dewey Decimal Classification | Fiction | Biblioteca Pública José María del Castillo y Rada | Biblioteca Pública José María del Castillo y Rada | 04/15/2018 | Donación | A-N ARIt | 201810081 | 10/13/2020 | Ej.1 | 10/13/2020 | Books |